| 000 | 00784nam a2200217Ia 4500 | ||
|---|---|---|---|
| 003 | GCL | ||
| 008 | 140319s9999 xx 000 0 ara d | ||
| 040 |
_aGCL / _cGCL |
||
| 082 | 0 | 4 |
_a810.972 _bخ ح |
| 100 | 1 | _aخضر احمد عطاالله | |
| 245 | 1 | 0 |
_aالحياة الفكرية فى مصر فى العصر الفاطمى / _cخضر احمد عطاالله |
| 260 |
_aالقاهرة : _bدار الفكر العربى ، _c1989 |
||
| 300 |
_a446 ص ؛ _c24 سم |
||
| 490 | _a | ||
| 650 | 0 | 4 | _aالدولة الفاطمية |
| 650 | 0 | 4 | _aجامعة الازهر |
| 650 | 0 | 4 | _aالمكتبات الاسلامية |
| 650 | 0 | 4 | _aمصر - تاريخ - العصر الفاطمى ( 969-1171 م ) |
| 650 | 0 | 4 | _aالمكتبات الاسلامية - مصر |
| 942 |
_2ddc _cBK |
||
| 999 |
_c39679 _d39679 |
||